000 00310nam a22001217a 4500
008 230621b xxu||||| |||| 00| 0 eng d
082 _a328.366
_bLSS
100 _cLok Sabha Secretariat
245 _aHandbook for Members
260 _aNew Delhi
_bLok Sabha Secretariat
_c1980
300 _a200p
942 _2ddc
_cBK
999 _c2123
_d2123